Sổ tay thợ tiện
Saved in:
| Main Author: | |
|---|---|
| Format: | Book |
| Language: | Undetermined |
| Published: |
Tp. HCM
Thanh Niên
1994
|
| Subjects: | |
| Tags: |
Add Tag
No Tags, Be the first to tag this record!
|
| Institutions: | Trung tâm Học liệu Trường Đại học Cần Thơ |
|---|
| LEADER | 00449nam a2200169Ia 4500 | ||
|---|---|---|---|
| 001 | CTU_37460 | ||
| 008 | 210402s9999 xx 000 0 und d | ||
| 082 | |a 621.942 | ||
| 082 | |b B659 | ||
| 100 | |a V A Blumberg | ||
| 245 | 0 | |a Sổ tay thợ tiện | |
| 245 | 0 | |c V A Blumberg, E I Zazersky | |
| 260 | |a Tp. HCM | ||
| 260 | |b Thanh Niên | ||
| 260 | |c 1994 | ||
| 650 | |a metal-cutting | ||
| 980 | |a Trung tâm Học liệu Trường Đại học Cần Thơ | ||